Statistics for Liverpool Recent Starting Squad

Click here to take the quiz!

General Stats

  • This quiz has been taken 16 times
  • The average score is 52 of 55

Answer Stats

PositionLiverpool Squad% Correct
DFAlexander-Arnold
100%
GKAlisson
100%
GKAlisson
100%
GKAlisson
100%
GKAlisson
100%
GKAlisson
100%
MFFabinho
100%
MFFabinho
100%
MFFabinho
100%
MFFabinho
100%
MFFabinho
100%
FWFirmino
100%
FWFirmino
100%
FWFirmino
100%
MFHenderson
100%
MFHenderson
100%
MFHenderson
100%
MFHenderson
100%
MFHenderson
100%
FWMane
100%
FWMane
100%
FWMane
100%
FWMane
100%
DFMatip
100%
DFMatip
100%
DFRobertson
100%
DFRobertson
100%
DFRobertson
100%
DFRobertson
100%
DFRobertson
100%
FWSalah
100%
FWSalah
100%
FWSalah
100%
FWSalah
100%
FWSalah
100%
DFVan Dijk
100%
FWGakpo
92%
DFGomez
92%
FWJota
92%
FWNunez
92%
MFThiago
92%
DFVan Dijk
92%
DFVan Dijk
92%
DFVan Dijk
92%
MFWijnaldum
92%
MFWijnaldum
92%
MFWijnaldum
92%
DFAlexander-Arnold
77%
DFAlexander-Arnold
77%
DFAlexander-Arnold
77%
DFAlexander-Arnold
77%
DFKonaté
77%
MFElliott
62%
DFPhilips
54%
DFKabak
38%

Score Distribution

Percentile by Number Answered

Percent of People with Each Score

Your Score History

You have not taken this quiz